LIBRARY & INFORMATION CENTRE, KCAET, TAVANUR

ONLINE PUBLIC ACCESS CATALOGUE (OPAC)

Performance and ergonomic evaluation of direct paddy seeder and mechanical rice transplanter in wet lands (Record no. 14952)

MARC details
000 -LEADER
fixed length control field 00696nam a22001697a 4500
003 - CONTROL NUMBER IDENTIFIER
control field OSt
088 ## - REPORT NUMBER
Report number T 257
100 ## - MAIN ENTRY--AUTHOR NAME
Personal name RATHOD SACHIN RAVSU
245 ## - TITLE STATEMENT
Title Performance and ergonomic evaluation of direct paddy seeder and mechanical rice transplanter in wet lands
260 ## - PUBLICATION, DISTRIBUTION, ETC. (IMPRINT)
Place of publication Tavanur 2013
Name of publisher Department of Farm Power, Machinery and Energy
300 ## - PHYSICAL DESCRIPTION
Number of Pages 85
500 ## - GENERAL NOTE
General note Performance and ergonomic evaluation of direct paddy seeder and mechanical rice transplanter in wet lands
520 ## - SUMMARY, ETC.
Summary, etc Performance and ergonomic evaluation of direct paddy seeder and mechanical rice transplanter in wet lands
700 ## - ADDED ENTRY--PERSONAL NAME
Personal name Dr. P.K Suresh Kumar (Guide)
942 ## - ADDED ENTRY ELEMENTS (KOHA)
Koha item type Theses
Holdings
Collection code Home library Current library Shelving location Full call number Accession Number Koha item type Public note
Reference KAUAET KAUAET Reference 631.3 RAV/PE T 257 Theses T 249
free website counter